<?xml version="1.0" encoding="UTF-8"?>
<marc:record xmlns:marc="http://www.loc.gov/MARC21/slim">
   <marc:leader>00000nam a2200000 a 4500</marc:leader>
   <marc:datafield ind1="1" ind2=" " tag="100">
      <marc:subfield code="a">WINKLER, Geri</marc:subfield>
      <marc:subfield code="4">aut</marc:subfield>
      <marc:subfield code="e">Verfasser/-in</marc:subfield>
   </marc:datafield>
   <marc:datafield ind1=" " ind2=" " tag="653">
      <marc:subfield code="a">Seven Summits</marc:subfield>
   </marc:datafield>
   <marc:datafield ind1=" " ind2=" " tag="653">
      <marc:subfield code="a">Expeditionsbergsteigen</marc:subfield>
   </marc:datafield>
   <marc:datafield ind1=" " ind2=" " tag="653">
      <marc:subfield code="a">EXPEDITION</marc:subfield>
   </marc:datafield>
   <marc:datafield ind1=" " ind2=" " tag="653">
      <marc:subfield code="a">Extremkletterer</marc:subfield>
   </marc:datafield>
   <marc:datafield ind1=" " ind2=" " tag="653">
      <marc:subfield code="a">EVEREST</marc:subfield>
   </marc:datafield>
   <marc:datafield ind1=" " ind2=" " tag="653">
      <marc:subfield code="a">EXTREMBERGSTEIGEN</marc:subfield>
   </marc:datafield>
   <marc:datafield ind1=" " ind2=" " tag="653">
      <marc:subfield code="a">HÖHENBERGSTEIGEN</marc:subfield>
   </marc:datafield>
   <marc:datafield ind1="0" ind2="0" tag="245">
      <marc:subfield code="a">Sieben Welten - Seven Summits.</marc:subfield>
   </marc:datafield>
   <marc:datafield ind1="0" ind2="0" tag="245">
      <marc:subfield code="b">Mein Weg zu den höchsten Gipfeln aller Kontinente,</marc:subfield>
   </marc:datafield>
   <marc:datafield ind1="0" ind2="0" tag="245">
      <marc:subfield code="c">Geri WINKLER</marc:subfield>
   </marc:datafield>
   <marc:datafield ind1=" " ind2="1" tag="264">
      <marc:subfield code="a">Innsbruck</marc:subfield>
      <marc:subfield code="b">Tyrolia</marc:subfield>
      <marc:subfield code="c">2011</marc:subfield>
   </marc:datafield>
   <marc:datafield ind1=" " ind2=" " tag="250">
      <marc:subfield code="a">1</marc:subfield>
   </marc:datafield>
   <marc:datafield ind1="1" ind2=" " tag="520">
      <marc:subfield code="a">Kurzbeschreibung: Reisen, fremde Völker, die Urwälder, Wüsten, Meere und Berge der Welt erkunden - das war sein Lebenstraum. Als Extrembergsteiger hat sich Geri Winkler dabei nie verstanden, er war ein Weltenbummler, ein Abenteurer, dem die Berge Kompass sind. Bis 1984 die Diagnose Diabetes kam und damit der ärztliche Rat, Reiseabenteuer und Gipfelziele für immer zu vergessen. Geri Winkler fand jedoch die Kraft, seine Träume weiterhin zu leben. Auch als Diabetiker. Auch nach der Diagnose Krebs im Jahr 2004. Was folgt, sind die intensivsten Jahre seines Lebens: Er reist monatelange durch die ganze Welt und steht auf den höchsten Gipfeln aller Kontinente. Von diesen Reiseabenteuern und Bergerlebnissen erzählt er in diesem Buch.</marc:subfield>
   </marc:datafield>
   <marc:datafield ind1=" " ind2=" " tag="020">
      <marc:subfield code="a">370223120X</marc:subfield>
      <marc:subfield code="9">370223120X</marc:subfield>
   </marc:datafield>
   <marc:datafield ind1=" " ind2=" " tag="300">
      <marc:subfield code="a">304</marc:subfield>
   </marc:datafield>
</marc:record>
